000 00245nam a2200097Ia 4500
001 990396
005 20250826221310.0
008 250824s9999 xx 000 0 und d
245 0 _aHAYATA DÖN
_cGÜLSEREN BUDAYICIOĞLU
260 _bREMZİ KİTABEVİ
999 _c990396
_d990396